One Piece - Connaissance Extrême - Statistiques

Statistiques générales
  • Ce quiz a été pris 159 fois
  • Le résultat moyen est 6 sur 15
Statistiques - réponses
Question Réponse % Correct
Quel personnage n'était pas présent durant l'exécution de Gol D Roger à Loguetown ? Bartholomew Kuma
70%
Quelle était le nom du père de Doflamingo et rossinante ? Saint Don Quichotte Homing
59%
Quelle est le nom du sabre de Zoro qui à été détruit par Shû et son fruit de la rouille ? Yubashiri
59%
Quel grand corsaire à verbaliser sa démission auprès de la Marine ? Jinbe
53%
Dans quelle mer se situe le royaume de Flevance ? North Blue
53%
Comment appelle - t - on les 5 plus grands groupes mafieux qui contrôle West Blue ? Les Cinq Familles de West Blue
51%
A quelle endroit aperçoit - on Nico Robin au début de l'ellipse ? Tequila Wolf
43%
Comment se nome l'unité de mesure de la force d'un individu qu'utilise Fukuro au CP9 ? Douriki
42%
Quel est le seul membre au chapeau de paille à n'avoir jamais frappé Luffy ? Nico Robin
30%
Comment s'appelle la montagne où Ashura Doji et ces voleurs vivait à Wano ? Atamayama
28%
Lequels de ces fruits du démon Zoan n'existent pas ? ( fruit du démon canon ) Fruit du Dinosaure, modèle Tyrannosaurus Rex
27%
A qui appartient l'avis de recherche secret de East Blue ( qu'on voit un peu partout ) ? Se serait un Easter Egg envers un écrivain pour le magazine Weekly Shonen Jump Mikio Itoo
26%
A l'origine, quel fruit du démon non existant dans le monde de One Piece était de base destiné à Marguerite ( ou Margaret ) ? Fruit du Félin, modèle Chat Noire
24%
Quelle est le nom du bar que tiens Makino, bar préféré de Shanks à East Blue ? Partys Bar
24%
Quelle endroit est considérer comme le centre du monde de One Piece ? Trône Vacant ( ou trône vide )
24%
Aucun quiz correspondant
Distribution des résultats
% des personnes avec chaque résultat
Percentile par nombre de réponses
Votre historique - résultats
Vous n’avez pas pris ce quiz